One Napoli Player by Nation - Statistics

General Stats
  • This quiz has been taken 1,867 times
    18 since last reset
  • The average score is 14 of 20
Answer Stats
Nation Player % Correct
Argentina Diego Maradona | Ezequiel Lavezzi | Gonzalo Higuaín | +17 others
100%
Italy Lorenzo Insigne | Christian Maggio | Giovanni Di Lorenzo | +172 others
94%
Brazil Allan | Careca | André Cruz | +16 others
88%
Belgium Dries Mertens | Cyril Ngonge | Romelu Lukaku | +3 others
88%
Uruguay Edinson Cavani | Walter Gargano | Mariano Bogliacino | +5 others
88%
Spain José Callejón | Raúl Albiol | Pepe Reina | +8 others
82%
Poland Piotr Zieliński | Arkadiusz Milik | Bartosz Bereszyński | +1 other
76%
North Macedonia Elif Elmas | Goran Pandev
71%
Slovakia Marek Hamšík | Stanislav Lobotka
71%
Denmark Jesper Lindstrøm | Philip Billing | Rasmus Højlund
65%
Colombia Juan Zúñiga | David Ospina | Duván Zapata | +2 others
65%
Portugal Mário Rui | Rolando | José Luís Vidigal
65%
France Alain Boghossian | Tiemoué Bakayoko | Laurent Blanc | +5 others
59%
Switzerland Gökhan Inler | Blerim Džemaili | Valon Behrami | +2 others
59%
Netherlands Jonathan de Guzmán | Sam Beukema | Noa Lang
59%
Germany Diego Demme | Amin Younes
53%
Algeria Faouzi Ghoulam | Adam Ounas | Hassan Yebda
53%
Croatia Marko Rog | Ivan Strinić | Aljoša Asanović | +1 other
53%
Serbia Nikola Maksimović | Damir Stojak | Vanja Milinković-Savić
47%
Morocco Kévin Malcuit | Omar El Kaddouri | Walid Cheddira | +1 other
41%
No matching quizzes found
Score Distribution
Percent of People with Each Score
Percentile by Number Answered
Your Score History
You have not taken this quiz since the last reset